LIBRARY & INFORMATION CENTRE, KCAET, TAVANUR

ONLINE PUBLIC ACCESS CATALOGUE (OPAC)

Prefaces to Shakespeare / (Record no. 5312)

MARC details
000 -LEADER
fixed length control field 00449cam a2200181ua 4500
041 ## - LANGUAGE CODE
Language code of text/sound track or separate title eng
082 ## - DEWEY DECIMAL CLASSIFICATION NUMBER
Classification number 828.09
Item number GRA/PR
100 ## - MAIN ENTRY--AUTHOR NAME
Personal name Granville Barker, Harley .
245 ## - TITLE STATEMENT
Title Prefaces to Shakespeare /
250 ## - EDITION STATEMENT
Edition statement 1 /
260 ## - PUBLICATION, DISTRIBUTION, ETC. (IMPRINT)
Place of publication London :
Name of publisher Batsford Ltd ,
Year of publication 1945.
300 ## - PHYSICAL DESCRIPTION
Number of Pages 543 ; .
942 ## - ADDED ENTRY ELEMENTS (KOHA)
Koha item type Books
Holdings
Withdrawn status Lost status Damaged status Home library Current library Date acquired Cost, normal purchase price Full call number Accession Number Koha item type Public note
Withdrawn     KAUAET Sanskrit University 07/04/2012 42.00 828.09 6886 Books Transferred to Sanskrit University
free website counter